<?xml version="1.0" encoding="UTF-8"?>
<record
    xmlns:xsi="http://www.w3.org/2001/XMLSchema-instance"
    xsi:schemaLocation="http://www.loc.gov/MARC21/slim http://www.loc.gov/standards/marcxml/schema/MARC21slim.xsd"
    xmlns="http://www.loc.gov/MARC21/slim">

  <leader>05259nab a22008777  4500</leader>
  <controlfield tag="003">AR-RoUNA</controlfield>
  <datafield tag="022" ind1=" " ind2=" ">
    <subfield code="a">0327-9022</subfield>
  </datafield>
  <datafield tag="040" ind1=" " ind2=" ">
    <subfield code="a">AR-RoUNA</subfield>
    <subfield code="b">spa</subfield>
  </datafield>
  <datafield tag="041" ind1=" " ind2=" ">
    <subfield code="a">spa</subfield>
  </datafield>
  <datafield tag="044" ind1=" " ind2=" ">
    <subfield code="a">ag</subfield>
  </datafield>
  <datafield tag="245" ind1=" " ind2=" ">
    <subfield code="a">Summa+</subfield>
  </datafield>
  <datafield tag="260" ind1=" " ind2=" ">
    <subfield code="a">Buenos Aires (Argentina):</subfield>
    <subfield code="c">Donn SA,</subfield>
    <subfield code="b">1993.</subfield>
  </datafield>
  <datafield tag="300" ind1=" " ind2=" ">
    <subfield code="a">176 p. :</subfield>
    <subfield code="b">il. byn.</subfield>
    <subfield code="b">planos</subfield>
    <subfield code="c">34X25 cm.</subfield>
  </datafield>
  <datafield tag="505" ind1="0" ind2=" ">
    <subfield code="t">INDICE</subfield>
  </datafield>
  <datafield tag="505" ind1="0" ind2=" ">
    <subfield code="t">SEDES CORPORATIVAS</subfield>
  </datafield>
  <datafield tag="505" ind1="0" ind2=" ">
    <subfield code="t">ARQUITECTURA - REVIVIR LA TRADICI&#xD3;N</subfield>
  </datafield>
  <datafield tag="505" ind1="0" ind2=" ">
    <subfield code="a">Federico Aja Espil y Mar&#xED;a Cobelo arqs. / Cervecer&#xED;a y Malteria Quilmes, Quilmes, Buenos Aires, 2004. p. 74</subfield>
  </datafield>
  <datafield tag="505" ind1="0" ind2=" ">
    <subfield code="t">OFICINAS CON AIRES DEL R&#xCD;O</subfield>
  </datafield>
  <datafield tag="505" ind1="0" ind2=" ">
    <subfield code="a">Ezequiel Kuczer arq. / Oficinas &#xA8;Urquiza al r&#xED;o&#xA8;, Urquiza y Paseo de la Costa, Buenos Aires, 2005. p. 84</subfield>
  </datafield>
  <datafield tag="505" ind1="0" ind2=" ">
    <subfield code="t">VIA MATERIAL - CHILE</subfield>
  </datafield>
  <datafield tag="505" ind1="0" ind2=" ">
    <subfield code="a">Estudio + Arquitectos / Edificio Corporativo Vespucio Norte Express, Santiago, Chile, 2004. p. 88</subfield>
  </datafield>
  <datafield tag="505" ind1="0" ind2=" ">
    <subfield code="a">Estudio + Arquitectos / Edificio Corporativo Vespucio Sur, Santiago, Chile, 2005. p. 92</subfield>
  </datafield>
  <datafield tag="505" ind1="0" ind2=" ">
    <subfield code="t">TRABAJO Y ORGANIZACION  /  LIMA, PERU</subfield>
  </datafield>
  <datafield tag="505" ind1="0" ind2=" ">
    <subfield code="a">Oscar Borasino y Ruth Alvarado, arqs. / Nueva Sede Regional de la O.I.T, Lima, Per&#xFA;, 2004. p. 96</subfield>
  </datafield>
  <datafield tag="505" ind1="0" ind2=" ">
    <subfield code="t">OFICINAS ECOL&#xD3;GICAS - ESPA&#xD1;A</subfield>
  </datafield>
  <datafield tag="505" ind1="0" ind2=" ">
    <subfield code="a">Pablo Notari Oviedo Conurma Ingenieros Consultores / Oficinas Centrales de Airbus en Espa&#xF1;a, Gatafe, Madrid, 2004. p.100</subfield>
  </datafield>
  <datafield tag="505" ind1="0" ind2=" ">
    <subfield code="t">CIUDAD Y MEDIO AMBIENTE</subfield>
  </datafield>
  <datafield tag="505" ind1="0" ind2=" ">
    <subfield code="a">Artemio P. Abba / Regi&#xF3;n metropolitana de Buenos Aires: el legado de Horacio Torres. p. 104</subfield>
  </datafield>
  <datafield tag="505" ind1="0" ind2=" ">
    <subfield code="a">Gabriel Biagioni / Arquitectura con la mano izquierda: una conversaci&#xF3;n con Patxi Mangado. p. 110</subfield>
  </datafield>
  <datafield tag="505" ind1="0" ind2=" ">
    <subfield code="a">Francisco Mangado, arqs. / Bodegas Marco Real, Navarra, Espa&#xF1;a, 1991. p. 112</subfield>
  </datafield>
  <datafield tag="505" ind1="0" ind2=" ">
    <subfield code="a">Francisco Mangado, arqs / Club Deportivo Zuasti, Navarra, Espa&#xF1;a, 2001. p. 114</subfield>
  </datafield>
  <datafield tag="505" ind1="0" ind2=" ">
    <subfield code="a">Mangado y Asociados / Prototipo de piscinas en La Coru&#xF1;a, La Coru&#xF1;a, Espa&#xF1;a  2005. p. 116</subfield>
  </datafield>
  <datafield tag="505" ind1="0" ind2=" ">
    <subfield code="a">Francisco Mangado arq./ Baluarte, Auditorio y Palacio de Congresos de Navarra ( Concurso 1&#xBA; premio), Navarra, Espa&#xF1;a. p. 122</subfield>
  </datafield>
  <datafield tag="505" ind1="0" ind2=" ">
    <subfield code="a">Francisco Mangado / Auditorio y Centro Municipal de Exposiciones de &#xC1;vila, &#xC1;vila, Espa&#xF1;a. p.132</subfield>
  </datafield>
  <datafield tag="505" ind1="0" ind2=" ">
    <subfield code="a">Francisco Mangado / Auditorio Municipal de Teulada, Alicante, Espa&#xF1;a. p. 135</subfield>
  </datafield>
  <datafield tag="505" ind1="0" ind2=" ">
    <subfield code="t">CASAS - UN MIRADOR SUSPENDIDO - C&#xD3;RDOBA </subfield>
  </datafield>
  <datafield tag="505" ind1="0" ind2=" ">
    <subfield code="a">Ana Etkin / Casa unifamiliar en el Country Jockey Club C&#xF3;rdoba, C&#xF3;rdoba, 2001. p. 140</subfield>
  </datafield>
  <datafield tag="505" ind1="0" ind2=" ">
    <subfield code="t">CASAS - COMPLEJA INTIMIDAD - ROSARIO</subfield>
  </datafield>
  <datafield tag="505" ind1="0" ind2=" ">
    <subfield code="a">Marcelo Villafa&#xF1;e, Eleonora Flores, Laura Rois, arqs. / Casa Brown, Club de Campo Kentucky, Funes, Santa Fe, 2004. p.144</subfield>
  </datafield>
  <datafield tag="505" ind1="0" ind2=" ">
    <subfield code="a">FRAGMENTOS - MUNTADAS
</subfield>
  </datafield>
  <datafield tag="505" ind1="0" ind2=" ">
    <subfield code="a">Florencia Rodr&#xEC;guez / Atenci&#xF3;n: la percepci&#xF3;n requiere participaci&#xF3;n. p. 148</subfield>
  </datafield>
  <datafield tag="505" ind1="0" ind2=" ">
    <subfield code="t">DISE&#xD1;O DE INTERIORES - LIVING DE TRABAJO</subfield>
  </datafield>
  <datafield tag="505" ind1="0" ind2=" ">
    <subfield code="a">RTN arqs. Javier Rivarola, Gustavo Trosman / Dos Monos, Buenos Aires,2005. p. 152</subfield>
  </datafield>
  <datafield tag="505" ind1="0" ind2=" ">
    <subfield code="a">Plant &amp; Plant, Dise&#xF1;o y ambientaci&#xF3;n / Oficinas para la agencia di&#xE1;logo publicidad, Buenos Aires, 2004. p. 156</subfield>
  </datafield>
  <datafield tag="505" ind1="0" ind2=" ">
    <subfield code="a">Tony D&#xED;az / Estaci&#xF3;n de trenes para N&#xE0;poles. p.160</subfield>
  </datafield>
  <datafield tag="505" ind1="0" ind2=" ">
    <subfield code="a">Grupo M/SG/S/S/S - Diaz Del Bo y Asociados / Concurso internacional Estaci&#xF3;n de trenes para N&#xE1;poles. p. 161</subfield>
  </datafield>
  <datafield tag="505" ind1="0" ind2=" ">
    <subfield code="a">Jorge Mele / La construcci&#xF3;n profesional de sentido. p. 164</subfield>
  </datafield>
  <datafield tag="505" ind1="0" ind2=" ">
    <subfield code="a">Exposici&#xF3;n Centro Cultural Recoleta / Exposicion M/SG/S/S/S. p. 164</subfield>
  </datafield>
  <datafield tag="505" ind1="0" ind2=" ">
    <subfield code="a">Exposici&#xF3;n Centro Cultural Recoleta / Trayectoria Manteola - Sanchez Gomez - Solsoona - Sallaberry. p.  165</subfield>
  </datafield>
  <datafield tag="505" ind1="0" ind2=" ">
    <subfield code="t">PREMIOS HOLCIM DE ARQUITECTURA SUSTENTABLE</subfield>
  </datafield>
  <datafield tag="505" ind1="0" ind2=" ">
    <subfield code="a">Argentina. Hugo E. Gilardi / Jardines en los techos de Buenos Aires. p. 169</subfield>
  </datafield>
  <datafield tag="505" ind1="0" ind2=" ">
    <subfield code="a">Brasil. Michael Laar y otros / Escuela en R&#xED;o de Janeiro. p. 169</subfield>
  </datafield>
  <datafield tag="505" ind1="0" ind2=" ">
    <subfield code="a">Venezuela. Silvia Soonets y otros /  Saneamiento urbano para un poblado chabolista en Caracas. p. 169</subfield>
  </datafield>
  <datafield tag="505" ind1="0" ind2=" ">
    <subfield code="a">Italia. Luigi Centola, Maria giovanna Riitano / Renovaci&#xF3;n del Valle Mulini. p. 169</subfield>
  </datafield>
  <datafield tag="505" ind1="0" ind2=" ">
    <subfield code="a">Canad&#xE1;. Daniel S. Pearl y otros / Un dise&#xF1;o integral para el ahorro energ&#xE9;tico en un conjunto de 187 unidades de vivienda. p. 169</subfield>
  </datafield>
  <datafield tag="505" ind1="0" ind2=" ">
    <subfield code="a">Marruecos. Abdelrhni Fenjiro / Centro comunal de capacitaci&#xF3;n. p 169</subfield>
  </datafield>
  <datafield tag="505" ind1="0" ind2=" ">
    <subfield code="a">Filipinas. Ronald Cesar Rodriguez / Bases de hormig&#xF3;n para acelerar la regeneraci&#xF3;n de corales. p. 169</subfield>
  </datafield>
  <datafield tag="505" ind1="0" ind2=" ">
    <subfield code="a">Rafael E. J. Iglesias / Ritmos en el espacio. p. 170</subfield>
  </datafield>
  <datafield tag="505" ind1="0" ind2=" ">
    <subfield code="a">Roberto Fern&#xE1;ndez / Los pr&#xED;ncipes del pr&#xED;ncipe. p. 172 </subfield>
  </datafield>
  <datafield tag="505" ind1="0" ind2=" ">
    <subfield code="a">Jorge Ramos y Mario Sabugo / Arte topiaria en Oaxtepec. p.174</subfield>
  </datafield>
  <datafield tag="505" ind1="0" ind2=" ">
    <subfield code="a">Trevor Boddy / Ciudades Portal: el urbanismo y la arquitectura emergente en Hong Kong, Miami, Vancouver, Dubai y Ciudad Panam&#xE1;. p.176</subfield>
  </datafield>
  <datafield tag="600" ind1=" " ind2="0">
    <subfield code="a">Brahm, Alex</subfield>
    <subfield code="9">27293</subfield>
  </datafield>
  <datafield tag="600" ind1=" " ind2="0">
    <subfield code="a">Bonomi, David</subfield>
    <subfield code="9">27294</subfield>
  </datafield>
  <datafield tag="600" ind1=" " ind2="0">
    <subfield code="a">Bartolom&#xE9;, Maite</subfield>
    <subfield code="9">27295</subfield>
  </datafield>
  <datafield tag="600" ind1=" " ind2="0">
    <subfield code="a">Leturia, Marcelo</subfield>
    <subfield code="9">27296</subfield>
  </datafield>
  <datafield tag="600" ind1="1" ind2="4">
    <subfield code="a">Mu&#xF1;oz, Alfredo </subfield>
    <subfield code="9">27297</subfield>
  </datafield>
  <datafield tag="600" ind1=" " ind2="0">
    <subfield code="a">Soto, Francisco</subfield>
    <subfield code="9">27298</subfield>
  </datafield>
  <datafield tag="650" ind1=" " ind2=" ">
    <subfield code="a">Arquitectura contempor&#xE1;nea</subfield>
  </datafield>
  <datafield tag="650" ind1=" " ind2=" ">
    <subfield code="a">Arquitectura corporativa</subfield>
    <subfield code="9">27299</subfield>
  </datafield>
  <datafield tag="650" ind1=" " ind2=" ">
    <subfield code="a">Arquitectura sustentable</subfield>
    <subfield code="9">89</subfield>
  </datafield>
  <datafield tag="773" ind1="0" ind2=" ">
    <subfield code="a">Summa+</subfield>
    <subfield code="d">Buenos Aires, Argentina</subfield>
    <subfield code="g">N&#xBA;78 (feb-2006 ), p. 176</subfield>
    <subfield code="x">0327-9022</subfield>
  </datafield>
  <datafield tag="908" ind1=" " ind2=" ">
    <subfield code="a">Imp</subfield>
  </datafield>
  <datafield tag="942" ind1=" " ind2=" ">
    <subfield code="2">udc</subfield>
    <subfield code="c">ART</subfield>
  </datafield>
  <datafield tag="945" ind1=" " ind2=" ">
    <subfield code="d">2022-07-08</subfield>
  </datafield>
  <datafield tag="980" ind1=" " ind2=" ">
    <subfield code="6">138</subfield>
    <subfield code="a">Carolina Rainero</subfield>
    <subfield code="8">5</subfield>
    <subfield code="g">Mar&#xED;a Machado</subfield>
  </datafield>
  <datafield tag="999" ind1=" " ind2=" ">
    <subfield code="c">12033</subfield>
    <subfield code="d">12033</subfield>
  </datafield>
  <datafield tag="952" ind1=" " ind2=" ">
    <subfield code="0">0</subfield>
    <subfield code="1">0</subfield>
    <subfield code="2">udc</subfield>
    <subfield code="4">0</subfield>
    <subfield code="7">0</subfield>
    <subfield code="a">AR-RoUNA</subfield>
    <subfield code="b">AR-RoUNA</subfield>
    <subfield code="c">Heme</subfield>
    <subfield code="d">2025-06-25</subfield>
    <subfield code="e">Don</subfield>
    <subfield code="l">0</subfield>
    <subfield code="p">1002696</subfield>
    <subfield code="r">2025-06-25</subfield>
    <subfield code="t">ej. 1</subfield>
    <subfield code="w">2025-06-25</subfield>
    <subfield code="y">ART</subfield>
    <subfield code="k">K6</subfield>
    <subfield code="x"></subfield>
  </datafield>
</record>
